000 01076nam a22002777a 4500
005 2010080503393.0
008 100412t xxu||||| |||| 00| 0 ur d
010 _aUR-7584
020 _c200.00
035 _aU-6139
037 _bAl Hasanat Books
040 _adpl
_bur
082 _a954.02
100 _aرضی احمد کمال
_9616
245 _aہندوستانی عہد و وسطی پر مسلم ثقافتی اثرات /
_cرضی احمد کمال
_b
246 _aHindustani Ahade-E-Wusta Par Muslim Saqafati Asraat /
_bby Razi Ahmad Kamal
260 _a دلّی
_bالحسنات بکس
_c2010
270 _a3004/2, Sir Syed Ahmad Road, Darya Ganj
_bNew Delhi
_e110002
_k2321845
_malhasanatbooks@rediffmail.com
300 _a163 ص
_b22 س م (pbk)
500 _a
600 _aکہا نی
_9966
600 _aStory
_9967
700 _96717
942 _2ddc
_cUR
_h954.02
_mر ض ی
999 _c39502
_d39502